000 00903nas a2200277 4500
001 BR8300241
003 BR-BrBNA
005 20231205085402.0
007 ta
008 230509b bl.|||p| |||| 00| 00por d
040 _aBR-BrBNA
_bpor
_cBiblioteca Nacional de Agricultura
041 _a(Pt)
072 _aF30
100 1 _aOliveira, L.A.A. de
100 1 _aSouza Filho, B.F. de
245 1 _aAvaliacao de cultivares de milho no norte fluminense [Zea mays, Rio de Janeiro, Brasil]
246 1 _aEvaluation of corn cultivars in the state of Rio de Janeiro [Zea mays, Brazil]
650 _aMILHO
650 _aHIBRIDO
650 _aVARIEDADE
650 _aPRODUTIVIDADE
650 _aRIO DE JANEIRO
773 0 _tPesquisa Agropecuaria Brasileira (Brazil)
_xISSN 0100-204X
_g(Nov 1982), v. 17(11) p. 1603-1606
_wBR8300241
909 _a202311
_bLúcia
_c55
_dLúcia Elande
942 _2AGRIS
_n0
_cANA
999 _c111126
_d111126